| 000 | 01028nam a22003137a 4500 | ||
|---|---|---|---|
| 003 | CHAP | ||
| 005 | 20220329140957.0 | ||
| 008 | 971013s1962 r 00010 d | ||
| 010 | _a60784 | ||
| 011 | _a61756 | ||
| 035 | _a65924 | ||
| 040 | _cCHAP | ||
| 082 |
_a519.72 _bM35p |
||
| 100 | 0 | 0 |
_aMaldonado V., Roberto. _970141 |
| 245 |
_aProgramación lineal _b: método simplex |
||
| 250 | _a2 ed. | ||
| 260 |
_aSantiago de Chile : _bInstituto de Economía, _c1962 |
||
| 300 | _a49 p. | ||
| 590 |
_aBATCH-UPD _b10 _c20130110 _lUCH01 _h0555 |
||
| 590 |
_aBATCH-UPD _b10 _c20130410 _lUCH01 _h0236 |
||
| 590 |
_aBATCH-UPD _b10 _c20130914 _lUCH01 _h1741 |
||
| 590 |
_aCONVERSION _b10 _c20130109 _lUCH01 _h1333 |
||
| 650 | 1 | 4 |
_aProgramación lineal. _992371 |
| 901 | _aBK | ||
| 942 | _cLIBRO | ||
| 949 |
_a519.72 M35p _bBC _cLIBRO _d33724000383410 _eLIBRO _h1608 _i65924 _si |
||
| 949 |
_a519.72 M35p _bBC _cLIBRO _d33724000383519 _eLIBRO _fc.5 _h16012 _i65924 _si |
||
| 949 |
_a519.72 M35p _bBC _cLIBRO _d33724000383527 _eLIBRO _fc.3 _h42347 _i65924 _si |
||
| 999 |
_c60784 _d60784 |
||